Národní opruzení /
Detektivka s romantickou zápletkou postavená na historických událostech českého národního obrození vypráví příběh, kdy Neruda byl ještě kluk, Světlá neměla zábrany, Němcová toužila po lásce a Havlíčkova drzost hýbala dobou.
Uloženo v:
| Série: | Národní opruzení,
část 1 |
|---|---|
| Hlavní autor: | |
| Médium: | E-kniha |
| Jazyk: | Czech |
| Vydáno: |
V Praze :
CooBoo,
2023
|
| Vydání: | 1. vydání |
| Témata: | |
| Příbuzné jednotky: | Z cyklu::
Národní opruzení |
| Tagy: |
Žádné tagy |
| LEADER | 02154nam a2200385 i 4500 | ||
|---|---|---|---|
| 001 | 311928 | ||
| 003 | CZ PrSKC | ||
| 005 | 20260601215714.0 | ||
| 007 | ta | ||
| 008 | 230511s2023 xr a g 000 f cze | ||
| 015 | |a cnb003519046 | ||
| 020 | |a 9788076617278 |q (brožováno) : |c Kč 299,00 | ||
| 035 | |a (OCoLC)1389729937 | ||
| 040 | |a ABG001 |b cze |e rda | ||
| 072 | 7 | |a 821.162.3-3 |x Česká próza |2 Konspekt | |
| 080 | |a 821.162.3-31 |2 MRF | ||
| 080 | |a (0:82-31) |2 MRF | ||
| 100 | 1 | |a Meixnerová, Karolína, |d 1993- |7 jo20221140638 |4 aut | |
| 245 | 1 | 0 | |a Národní opruzení / |c Karolína Zoe Meixnerová |
| 250 | |a 1. vydání | ||
| 264 | 1 | |a V Praze : |b CooBoo, |c 2023 | |
| 300 | |a 173 stran : |b ilustrace ; |c 21 cm | ||
| 336 | |a text |b txt |2 rdacontent | ||
| 337 | |a bez média |b n |2 rdamedia | ||
| 338 | |a svazek |b nc |2 rdacarrier | ||
| 520 | 2 | |a Detektivka s romantickou zápletkou postavená na historických událostech českého národního obrození vypráví příběh, kdy Neruda byl ještě kluk, Světlá neměla zábrany, Němcová toužila po lásce a Havlíčkova drzost hýbala dobou. |b Hranice mezi skutečností a fikcí neexistují. V Národním opruzení neožívají pouze čeští spisovatelé, ale i postavy z jejich románů. Hrdinové chodí temnými pražskými uličkami, kterých jste si možná nikdy nevšimli, i když Prahu dobře znáte. Mluví ve větách, které už jste možná někde četli, ale přikládali jim zcela jiný význam. Nakladatelská anotace. Kráceno. | |
| 655 | 7 | |a české romány |7 fd133974 |2 czenas | |
| 655 | 9 | |a Czech fiction |2 eczenas | |
| 787 | 0 | 8 | |i Z cyklu: |t Národní opruzení |g 1 |
| 900 | |a ABA001 |b 20 | ||
| 928 | 9 | |a Albatros Media - CooBoo | |
| 044 | |a xr | ||
| 910 | |a RBIT002 | ||
| 998 | |d 375470 |a https://core.palmknihy.cz/api/books/375470/cover?si85gk |b https://core.palmknihy.cz/api/books/375470/cover/400?si85gk |c https://core.palmknihy.cz/api/books/375470/cover/50?si85gk |e 2034-12-31 |g 176 |i 9788076617278 |j https://core.palmknihy.cz/api/books/375470/preview.epub |k https://core.palmknihy.cz/api/books/375470/preview.pdf |l |q 49 |r 1 |s https://www.palmknihy.cz/kniha/375470 |t ebook |y 2023 |z 0 | ||
| 999 | |d 311926 | ||